| 000 | 01500cam1a220032501 4500 | ||
|---|---|---|---|
| 001 | lcf01132226 | ||
| 005 | 20190815095544.0 | ||
| 008 | 881128s1957 sa a f001 0 afr | ||
| 010 | _a 88205343 | ||
| 035 | _a(Sirsi) r32429 | ||
| 035 | _a(DLC) 88205343 | ||
| 035 | _a(UPRA)lcf01132226 | ||
| 040 |
_aDLC _cDLC _dDLC |
||
| 041 | 0 |
_aafr eng _bafr eng |
|
| 043 | _af-sa--- | ||
| 050 | 0 | 0 |
_aGN656 _b.B74 1957 |
| 100 | 1 |
_aBreutz, P. L. _6A49762.1 |
|
| 245 | 1 | 4 |
_aDie stamme van die distrikte Lichtenburg en Delareyville / _cdeur P.-L. Breutz. |
| 260 |
_aPretoria : _bStaatsdrukker, _c[1957] |
||
| 440 | 0 |
_aEthnologiese reeks ; _vnr. 37 _6S14573.1 |
|
| 500 | _aSummary in English. | ||
| 500 | _aIncludes indexes. | ||
| 504 | _aBibliography: p. 57-58. | ||
| 650 | 0 |
_aEthnology -- South Africa -- Lichtenburg (District) _zEthnology -- South Africa -- Lichtenburg (District) _zEthnology -- South Africa -- Lichtenburg (District) _6S69599.1 |
|
| 650 | 0 |
_aEthnology -- South Africa -- Delareyville (District) _zEthnology -- South Africa -- Delareyville (District) _zEthnology -- South Africa -- Delareyville (District) _6S69600.1 |
|
| 651 | 0 |
_aLichtenburg (South Africa : District) -- Social conditions. _xLichtenburg (South Africa : District) -- Social conditions. _6S69601.1 |
|
| 651 | 0 |
_aDelareyville (South Africa : District) -- Social conditions. _xDelareyville (South Africa : District) -- Social conditions. _6S69602.1 |
|
| 949 |
_aGN656 _wlcc _i-37327 _mMAIN _tBOOK _lON-SHELF |
||
| 004 | 32429 | ||
| 999 |
_c61316 _d61316 |
||